Aportes para el mejoramiento de la calidad universitaria (Registro nro. 31213)
[ vista simple ]
| 000 -LEADER | |
|---|---|
| fixed length control field | 00384 a2200121 4500 |
| 001 - CONTROL NUMBER | |
| control field | ART_39591 |
| 005 - DATE AND TIME OF LATEST TRANSACTION | |
| control field | 20260410162000.0 |
| 008 - FIXED-LENGTH DATA ELEMENTS--GENERAL INFORMATION | |
| fixed length control field | 260409a |
| 100 1# - MAIN ENTRY--PERSONAL NAME | |
| Personal name | Larocca, Norberto Genaro |
| 245 10 - TITLE STATEMENT | |
| Title | Aportes para el mejoramiento de la calidad universitaria |
| 700 1# - ADDED ENTRY--PERSONAL NAME | |
| Personal name | Suárez Kimura, Elsa Beatriz |
| 773 0# - HOST ITEM ENTRY | |
| Title | Propuestas |
| Related parts | - Año 1, Nº 1 (jun. 1995) |
| Record control number | REV28258 |
No hay ítems disponibles.